A history of progress: selected US papers in Geotechnical Engineering
Saved in:
| Main Author: | |
|---|---|
| Format: | Book |
| Language: | English |
| Published: |
American Society of Civil Engineers
2003
|
| Series: | Geotechnical Special Publication, 118
|
| Subjects: | |
| Tags: |
Add Tag
No Tags, Be the first to tag this record!
|
MARC
| LEADER | 00000cam a2200000 a 4500 | ||
|---|---|---|---|
| 001 | UCG9502 | ||
| 003 | CL-VaPUC | ||
| 008 | 120316e20030000US |||||||||||||||||eng|d | ||
| 020 | |a 0784406561 | ||
| 082 | 0 | 4 | |a 624.151 |b MAR |2 21 |
| 100 | |a Marr, W. Allen |e autor |9 561093 | ||
| 245 | 1 | 2 | |a A history of progress: selected US papers in Geotechnical Engineering |
| 300 | |a v | ||
| 942 | |c BK | ||
| 945 | |d 20120316 00:00:00 |a dcastane | ||
| 260 | |b American Society of Civil Engineers |c 2003 | ||
| 650 | 7 | |a INGENIERIA DE SUELOS |2 CL-VaPUC |9 545861 | |
| 650 | 0 | |a Mecánica de suelos |9 260278 | |
| 583 | |a last modification |c 20120316 11:38:00 |k Rodrigo Vera | ||
| 490 | 0 | |a Geotechnical Special Publication, 118 | |
| 999 | |c 347052 |d 347050 | ||
| 952 | |0 0 |1 0 |4 0 |6 624_151000000000000_MAR_2003 |7 0 |8 A |9 448143 |a BIBING |b BIBING |d 2019-11-22 |h v.1 |i 4845943 |o 624.151 MAR 2003 |p 4845943 |r 2025-01-20 |w 2019-11-22 |y BK |k CIC | ||
| 952 | |0 0 |1 0 |4 0 |6 624_151000000000000_MAR_2003 |7 0 |8 A |9 448144 |a BIBING |b BIBING |d 2019-11-22 |h v.2 |i 4845951 |o 624.151 MAR 2003 |p 4845951 |r 2025-01-20 |w 2019-11-22 |y BK |k CIC | ||